000 00564nam a22001697a 4500
999 _c7523
_d7523
020 _a9783464507
022 _a 9789781221484
022 _a9781221488
050 _aBL2465
_b.T72
100 _aE A Ade Adegbọla
245 _aTraditional religion in West Africa Author:
_cedited by E.A. Ade. Adegboḷa.
260 _a Ibadan :
_bDaystar Press,
_c 1983.
300 _aiv, 471 pages :
_b illustrations ;
_c22 cm
500 _aINCLUDES INDEX
505 _aRELIGIOUS PERSONALITY FUNCTIONS IN RELIGION RELIGIOUS SYSTEMS RELIGION AND SOCIAL CHANGE
942 _cBK